LEADER 00854nam a2200205 i 4500 001 000000068916 003 CaOOAMICUS 005 20100813000000.0 008 100813s1975 it u000 u ita u 013 $a40088 040 $aSeMil$bita 100 1 $aFreud, Sigmund,$d<1856-1939>.$0(OLS)http://semarc/name/2936 245 10$aOpere 1912-1914 :$bTotem e tabù e altri scritti /$cSigmund Freud. 260 $aTorino :$bBoringhieri,$c1975. 300 $aXVI, 627 p., [3] p. di tav. :$bill. 23 cm. 773 0 $tOpere di Sigmund Freud.$dTorino : Boringhieri, 1967-1989.$g7$w()6487 850 $aSeMil 852 $aSeMil$W1$xVenegono$y1$m2O IV 227$j35069$B35069$CSeMilBibl$Z2$F35072 $81 996 $6245$aOpere 1912-1914 :$bTotem e tabù e altri scritti$9(OLS)http://semarc/title/110227 996 $6260$aTorino :$bBoringhieri$9(OLS)http://semarc/publisher/30229 LEADER 00931nam a2200229 i 4500 001 000000071499 003 CaOOAMICUS 005 20081204000000.0 008 081204s1942 it u000 u ita u 013 $a42671 040 $aSeMil$bita 100 1 $aPetruzzellis, Nicola.$0(OLS)http://semarc/name/29570 245 12$aL'estetica dell'idealismo /$cNicola Petruzzellis. 260 $aPadova :$bCEDAM,$c1942. 300 $a358 p. ;$c26 cm. 490 0 $aProblemi d'oggi. 2. ser. : collana di filosofia e storia della filosofia ;$v5. 650 4$aEstetica - Idealismo.$0(OLS)http://semarc/subject/14308 830 0$aProblemi d'oggi. 2. serie ;$v5.$0(OLS)http://semarc/title/19030 850 $aSeMil 852 $aSeMil$W1$xVenegono$y1$m2P IV 210$j37652$B37652$CSeMilBibl$Z2$F37655 $81 996 $6245$aL'estetica dell'idealismo$9(OLS)http://semarc/title/114984 996 $6260$aPadova :$bCEDAM$9(OLS)http://semarc/publisher/30274